Manual del exportador silvoagropecuario

Salvato in:
Dettagli Bibliografici
Autore principale: Bahamonde Medina, Francisco (Autore)
Natura: Libro
Lingua:spagnolo
Pubblicazione: Santiago Fundación de Comunicaciones del Agro 2004
Edizione:1a. ed
Soggetti:
Tags: Aggiungi Tag
Nessun Tag, puoi essere il primo ad aggiungerne!!

MARC

LEADER 00000nam a2200000 a 4500
001 UCL7838
003 CL-VaPUC
008 040604e20040000CL |||||||||||||||||spa|d
020 |a 9567215219 
082 0 4 |a 382.41  |b BAH  |2 21 
100 0 |a Bahamonde Medina, Francisco  |e author  |9 485747 
245 1 0 |a Manual del exportador silvoagropecuario 
250 |a 1a. ed 
300 |a 226 p 
942 |c BK 
945 |d 20040604 00:00:00  |a cmena 
260 |a Santiago  |b Fundación de Comunicaciones del Agro  |c 2004 
650 7 |a COMERCIO INTERNACIONAL  |2 CL-VaPUC  |9 485748 
650 0 |a Industria agrícola   |9 264819 
650 7 |a SILVICULTURA  |2 CL-VaPUC  |9 264178 
650 0 |a Derecho aduanero  |9 324531 
650 0 |a Aranceles aduaneros  |9 317344 
583 |a last modification  |c 20040604 00:00:00  |k Rodrigo Vera 
999 |c 309397  |d 309395 
952 |0 0  |1 0  |4 0  |6 382_410000000000000_BAH_2004  |7 0  |8 A  |9 376833  |a BIBGIM  |b BIBGIM  |d 2019-11-21  |i 3991660  |o 382.41 BAH 2004  |p 3991660  |r 2025-01-15  |w 2019-11-21  |y BK  |k GIM